Genius Level General Knowledge - Multiple Choice #2 - Statistics

General Stats
  • This quiz has been taken 61 times
  • The average score is 5 of 10
Answer Stats
Question Answer % Correct
What type of business did Kate Middleton's mother operate? Mail order party supplies
68%
What city made news in 2024 when two large gangs of monkeys had a turf war, leading to the arrest of a "gang leader"? Lopburi, Thailand
64%
How many American aircraft carriers were sunk during the Japanese attack on Pearl Harbour? 0
63%
Whose 1382 poem"Parliament of Fowls" contains the first known association between Valentine's Day and romantic love? Geoffery Chaucer
57%
What general said (paraphased) "one more victory like this and we shall be utterly ruined"? Pyrrhus of Epirus
52%
What did Anton von Leeuwenhoeck see in the 1670s that no one had ever seen before? Single-cell organisms
52%
What volcano's eruption in 1991 lowered global temperatures by about 0.5° Celsius for the next two years? Mount Pinatubo
48%
Which of these brands is NOT owned by General Motors? Lincoln
38%
What's the correct translation of London into Portuguese? Londres
34%
Which volcano's 1815 eruption was the largest in the last 10,000 years? Mount Tambora
20%
No matching quizzes found
Score Distribution
Percent of People with Each Score
Percentile by Number Answered
Your Score History
You have not taken this quiz